| 000 | 00387pab a2200133 454500 | ||
|---|---|---|---|
| 008 | 180718b2005 xxu||||| |||| 00| 0 eng d | ||
| 245 | _aSPECIAL issue on budget and financial management reform implementation | ||
| 260 | _c2005 | ||
| 300 | _ap.203-370. | ||
| 650 | _aFinancial management | ||
| 650 | _aBudget | ||
| 773 | _aInternational Journal of Public Administration | ||
| 909 | _a65861 | ||
| 999 |
_c65861 _d65861 |
||